A holland gyümölcs, marhahús és hal terméklánc minőségirányítási rendszerei és jogi szabályozása I.

Elmentve itt :
Bibliográfiai részletek
Szerzők: Plaggenhoef W. van
Batterink M.
Trienekens J. H.
Dokumentumtípus: Cikk
Megjelent: Q & M Kft. Budapest 2005
Sorozat:Élelmiszervizsgálati közlemények 51 No. 4
Kulcsszavak:Élelmiszerbiztonság, Élelmiszeripar - minőségszabályozás
Tárgyszavak:
Online Access:http://acta.bibl.u-szeged.hu/79737
LEADER 01024nab a2200241 i 4500
001 acta79737
005 20230826085712.0
008 230720s2005 hu o 0|| hun d
022 |a 0422-9576 
040 |a SZTE Egyetemi Kiadványok Repozitórium  |b hun 
041 |a hun 
100 1 |a Plaggenhoef W. van 
245 1 2 |a A holland gyümölcs, marhahús és hal terméklánc minőségirányítási rendszerei és jogi szabályozása I.  |h [elektronikus dokumentum] /  |c  Plaggenhoef W. van 
260 |a Q & M Kft.  |b Budapest  |c 2005 
300 |a 201-212 
490 0 |a Élelmiszervizsgálati közlemények  |v 51 No. 4 
650 4 |a Műszaki és technológiai tudományok 
650 4 |a Egyéb műszaki tudományok és technológiák 
650 4 |a Élelmiszer és italfélék 
695 |a Élelmiszerbiztonság, Élelmiszeripar - minőségszabályozás 
700 0 1 |a Batterink M.  |e aut 
700 0 1 |a Trienekens J. H.  |e aut 
856 4 0 |u http://acta.bibl.u-szeged.hu/79737/1/elelmiszervizsgalati_kozlemenyek_2005_04_201-212.pdf  |z Dokumentum-elérés